000
00231nam a2200097Ia 4500
005
20250424112844.0
008
250424s9999 xx 000 0 und d
300
_a
v. , 77 p. ; 25 cm.
650
_a
Medicine--Periodicals.
942
_c
SR
999
_c
37525
_d
37525